| 000 | 00673nam a2200205 u 4500 | ||
|---|---|---|---|
| 005 | 20210223131327.0 | ||
| 008 | 100624s2004 ag r 000 0 spa d | ||
| 020 | _a9871105908 | ||
| 035 | _aUPN01000176992 | ||
| 049 | _aCG | ||
| 050 | 4 |
_aGR720 _bA4.5 |
|
| 100 | 1 | _aAmbrosio, Martín De | |
| 245 | 1 | 3 |
_aEl mejor amigo de la ciencia : _bhistorias con perros y científicos / _cMartín De Ambrosio. |
| 260 |
_aBuenos Aires : _bSiglo XXI : _bUniversidad Nacional de Quilmes, _cc2004. |
||
| 300 | _a110 p. | ||
| 440 | 0 | _aCiencia que ladra | |
| 650 | 4 |
_aPERROS (EN RELIGION, FOLKLORE, ETC.) _916661 |
|
| 650 | 4 |
_aPERROS COMO ANIMALES DE LABORATORIO _916662 |
|
| 905 | _aLibro | ||
| 999 |
_c149095 _d149095 |
||